000 00564nam a2200205 a 4500
001 5460
003 CO-ViMGA
008 141112s2004 ck r 000 u spa d
040 _aCO-ViMGA
_bspa
_cCO-ViMGA
082 0 4 _a784.4986 A11c4
100 1 _aAbadia Morales, Guillermo
_93754
245 1 0 _aCoplerio Colombiano
250 _a3a
260 _aBogotá :
_bTres culturas,
_c1995
300 _a159 p
650 1 4 _aCANCIONES FOLCLORICAS COLOMBIANAS
_97433
650 1 4 _aCOPLAS - COLOMBIANAS - COLECCIONES
_93755
650 1 4 _aFOLCLOR - COLOMBIA
942 _2ddc
_cBK
999 _c17447
_d17447